Lieková politika v SR

Z obsahu: Výrobcovia chcú informovať o výhodách originálnych prípravkov. Súkromní lekári odmietajú spájať svoje odmeny s lacnejšími liekmi. Netransparentná kategorizácia liečiv pretrváva. Zdravotné poisťovne: Štát je neschopný vypracovať jasnú liekovú politiku.

Salvato in:
Dettagli Bibliografici
Autore principale: Velecký, Milan
Natura: Capitolo di libro
Lingua:slovacco
Soggetti:
Tags: Aggiungi Tag
Nessun Tag, puoi essere il primo ad aggiungerne!!

MARC

LEADER 00000naa a2200000 4500
001 r043279
005 20230921112254.9
041 0 |a slo 
044 |a SK 
245 1 0 |a Lieková politika v SR  |c Milan Velecký 
520 |a Z obsahu: Výrobcovia chcú informovať o výhodách originálnych prípravkov. Súkromní lekári odmietajú spájať svoje odmeny s lacnejšími liekmi. Netransparentná kategorizácia liečiv pretrváva. Zdravotné poisťovne: Štát je neschopný vypracovať jasnú liekovú politiku. 
610 2 0 |a liečivá 
610 2 0 |a výroba 
610 2 0 |a výrobky nové 
610 2 0 |a lekári 
610 2 0 |a odmeny 
610 2 0 |a poisťovne zdravotné 
610 2 0 |a štát 
610 2 0 |a Slovensko 
100 1 |a Velecký, Milan